MARC details
| 000 -LEADER |
| fixed length control field |
04012cam a2200901 i 4500 |
| 001 - CONTROL NUMBER |
| control field |
on1273914399 |
| 003 - CONTROL NUMBER IDENTIFIER |
| control field |
OCoLC |
| 005 - DATE AND TIME OF LATEST TRANSACTION |
| control field |
20250807111143.0 |
| 008 - FIXED-LENGTH DATA ELEMENTS--GENERAL INFORMATION |
| fixed length control field |
220907t20222022wau 000 f eng d |
| 010 ## - LIBRARY OF CONGRESS CONTROL NUMBER |
| LC control number |
2022276947 |
| 015 ## - NATIONAL BIBLIOGRAPHY NUMBER |
| National bibliography number |
GBC1I5658 |
| Source |
bnb |
| 016 7# - NATIONAL BIBLIOGRAPHIC AGENCY CONTROL NUMBER |
| Record control number |
020386918 |
| Source |
Uk |
| 020 ## - INTERNATIONAL STANDARD BOOK NUMBER |
| International Standard Book Number |
9781542025607 |
| Qualifying information |
paperback |
| 020 ## - INTERNATIONAL STANDARD BOOK NUMBER |
| International Standard Book Number |
1542025605 |
| Qualifying information |
paperback |
| 029 1# - (OCLC) |
| OCLC library identifier |
NLNZL |
| System control number |
9919163194802836 |
| 029 1# - (OCLC) |
| OCLC library identifier |
AU@ |
| System control number |
000070536525 |
| 029 1# - (OCLC) |
| OCLC library identifier |
AU@ |
| System control number |
000069983310 |
| 029 1# - (OCLC) |
| OCLC library identifier |
UKMGB |
| System control number |
020386918 |
| 029 1# - (OCLC) |
| OCLC library identifier |
AU@ |
| System control number |
000069970215 |
| 029 1# - (OCLC) |
| OCLC library identifier |
AU@ |
| System control number |
000069969797 |
| 029 1# - (OCLC) |
| OCLC library identifier |
AU@ |
| System control number |
000073168757 |
| 035 ## - SYSTEM CONTROL NUMBER |
| System control number |
(OCoLC)1273914399 |
| Canceled/invalid control number |
(OCoLC)1273968230 |
| 037 ## - SOURCE OF ACQUISITION |
| Source of stock number/acquisition |
Amazon Pub, C/O Brilliance Audio 1704 Eaton Dr, Grand Haven, MI, USA, 49417, (616)9351715 |
| Note |
SAN 690-1395 |
| 040 ## - CATALOGING SOURCE |
| Description conventions |
rda |
| 042 ## - AUTHENTICATION CODE |
| Authentication code |
lccopycat |
| 049 ## - LOCAL HOLDINGS (OCLC) |
| Holding library |
WACL |
| 050 00 - LIBRARY OF CONGRESS CALL NUMBER |
| Classification number |
PS3608.O623 |
| Item number |
R46 2022 |
| 082 04 - DEWEY DECIMAL CLASSIFICATION NUMBER |
| Classification number |
813/.6 |
| Edition number |
23/eng/20221206 |
| 084 ## - OTHER CLASSIFICATION NUMBER |
| Classification number |
I712.45 |
| Source of number |
clc |
| 092 ## - LOCALLY ASSIGNED DEWEY CALL NUMBER (OCLC) |
| Classification number |
fiction |
| Item number |
Hoover, Colleen |
| 100 1# - MAIN ENTRY--PERSONAL NAME |
| Personal name |
Hoover, Colleen, |
| Relator term |
author. |
| Relator code |
aut |
| 9 (RLIN) |
5748919 |
| 245 10 - TITLE STATEMENT |
| Title |
Reminders of him : |
| Remainder of title |
a novel / |
| Statement of responsibility, etc |
Colleen Hoover. |
| 264 #1 - Production, Publication, Distribution, Manufacture, and Copyright Notice. |
| Place of production, publication, distribution, manufacture |
Seattle : |
| Name of producer, publisher, distributor, manufacturer |
Montlake, |
| Date of production, publication, distribution, manufacture, or copyr |
[2022] |
| 264 #4 - Production, Publication, Distribution, Manufacture, and Copyright Notice. |
| Date of production, publication, distribution, manufacture, or copyr |
2022 |
| 300 ## - PHYSICAL DESCRIPTION |
| Extent |
320 pages ; |
| Dimensions |
21 cm |
| 336 ## - Content Type |
| Content type term |
text |
| 337 ## - Media type |
| Media type term |
unmediated |
| 338 ## - Carrier type |
| Carrier type term |
volume |
| 520 ## - SUMMARY, ETC. |
| Summary, etc |
After serving five years in prison for a tragic mistake, Kenna Rowan returns to the town where it all went wrong, hoping to reunite with her four-year-old daughter. But the bridges Kenna burned are proving impossible to rebuild. Everyone in her daughter's life is determined to shut Kenna out, no matter how hard she works to prove herself. The only person who hasn't closed the door on her completely is Ledger Ward, a local bar owner and one of the few remaining links to Kenna's daughter. But if anyone were to discover how Ledger is slowly becoming an important part of Kenna's life, both would risk losing the trust of everyone important to them. The two form a connection despite the pressure surrounding them, but as their romance grows, so does the risk. Kenna must find a way to absolve the mistakes of her past in order to build a future out of hope and healing. -- |
| 650 #0 - SUBJECT ADDED ENTRY--TOPICAL TERM |
| Topical term or geographic name as entry element |
Women ex-convicts |
| Form subdivision |
Fiction. |
| 9 (RLIN) |
6402202 |
| 650 #0 - SUBJECT ADDED ENTRY--TOPICAL TERM |
| Topical term or geographic name as entry element |
Mothers and daughters |
| Form subdivision |
Fiction. |
| 9 (RLIN) |
5673712 |
| 650 #0 - SUBJECT ADDED ENTRY--TOPICAL TERM |
| Topical term or geographic name as entry element |
Homecoming |
| Form subdivision |
Fiction. |
| 9 (RLIN) |
5675531 |
| 650 #0 - SUBJECT ADDED ENTRY--TOPICAL TERM |
| Topical term or geographic name as entry element |
Man-woman relationships |
| Form subdivision |
Fiction. |
| 9 (RLIN) |
5674079 |
| 650 #7 - SUBJECT ADDED ENTRY--TOPICAL TERM |
| Topical term or geographic name as entry element |
FICTION / Romance / Contemporary. |
| Source of heading or term |
bisacsh |
| 9 (RLIN) |
5679126 |
| 650 #7 - SUBJECT ADDED ENTRY--TOPICAL TERM |
| Topical term or geographic name as entry element |
FICTION / Women. |
| Source of heading or term |
bisacsh |
| 9 (RLIN) |
5739043 |
| 650 #7 - SUBJECT ADDED ENTRY--TOPICAL TERM |
| Topical term or geographic name as entry element |
FICTION / Family Life / General. |
| Source of heading or term |
bisacsh |
| 9 (RLIN) |
6001675 |
| 650 #7 - SUBJECT ADDED ENTRY--TOPICAL TERM |
| Topical term or geographic name as entry element |
Women ex-convicts |
| Form subdivision |
Fiction. |
| Source of heading or term |
cct |
| 9 (RLIN) |
6402202 |
| 650 #7 - SUBJECT ADDED ENTRY--TOPICAL TERM |
| Topical term or geographic name as entry element |
Mothers and daughters |
| Form subdivision |
Fiction. |
| Source of heading or term |
cct |
| 9 (RLIN) |
5673712 |
| 650 #7 - SUBJECT ADDED ENTRY--TOPICAL TERM |
| Topical term or geographic name as entry element |
Homecoming |
| Form subdivision |
Fiction. |
| Source of heading or term |
cct |
| 9 (RLIN) |
5675531 |
| 650 #7 - SUBJECT ADDED ENTRY--TOPICAL TERM |
| Topical term or geographic name as entry element |
Man-woman relationships |
| Form subdivision |
Fiction. |
| Source of heading or term |
cct |
| 9 (RLIN) |
5674079 |
| 650 #7 - SUBJECT ADDED ENTRY--TOPICAL TERM |
| Topical term or geographic name as entry element |
General. |
| Source of heading or term |
eflch |
| 9 (RLIN) |
5902878 |
| 650 #7 - SUBJECT ADDED ENTRY--TOPICAL TERM |
| Topical term or geographic name as entry element |
Homecoming |
| Source of heading or term |
fast |
| 650 #7 - SUBJECT ADDED ENTRY--TOPICAL TERM |
| Topical term or geographic name as entry element |
Man-woman relationships |
| Source of heading or term |
fast |
| 650 #7 - SUBJECT ADDED ENTRY--TOPICAL TERM |
| Topical term or geographic name as entry element |
Mothers and daughters |
| Source of heading or term |
fast |
| 650 #7 - SUBJECT ADDED ENTRY--TOPICAL TERM |
| Topical term or geographic name as entry element |
Women ex-convicts |
| Source of heading or term |
fast |
| 650 #7 - SUBJECT ADDED ENTRY--TOPICAL TERM |
| Topical term or geographic name as entry element |
Women ex-convicts |
| Form subdivision |
Fiction. |
| Source of heading or term |
sears |
| 9 (RLIN) |
6402202 |
| 650 #7 - SUBJECT ADDED ENTRY--TOPICAL TERM |
| Topical term or geographic name as entry element |
Mother-daughter relationship |
| Form subdivision |
Fiction. |
| Source of heading or term |
sears |
| 9 (RLIN) |
5681243 |
| 650 #7 - SUBJECT ADDED ENTRY--TOPICAL TERM |
| Topical term or geographic name as entry element |
Man-woman relationship |
| Form subdivision |
Fiction. |
| Source of heading or term |
sears |
| 9 (RLIN) |
5700775 |
| 650 #7 - SUBJECT ADDED ENTRY--TOPICAL TERM |
| Topical term or geographic name as entry element |
Modern & contemporary fiction. |
| Source of heading or term |
thema |
| 9 (RLIN) |
6497232 |
| 650 #7 - SUBJECT ADDED ENTRY--TOPICAL TERM |
| Topical term or geographic name as entry element |
Adult & contemporary romance. |
| Source of heading or term |
thema |
| 9 (RLIN) |
6496958 |
| 650 #7 - SUBJECT ADDED ENTRY--TOPICAL TERM |
| Topical term or geographic name as entry element |
General Fiction. |
| Source of heading or term |
ukslc |
| 9 (RLIN) |
5880453 |
| 655 #0 - INDEX TERM--GENRE/FORM |
| Genre/form data or focus term |
Romance fiction. |
| 655 #0 - INDEX TERM--GENRE/FORM |
| Genre/form data or focus term |
Domestic fiction. |
| 655 #0 - INDEX TERM--GENRE/FORM |
| Genre/form data or focus term |
Love stories. |
| 655 #7 - INDEX TERM--GENRE/FORM |
| Genre/form data or focus term |
Romance fiction. |
| Source of term |
bisacsh |
| 655 #7 - INDEX TERM--GENRE/FORM |
| Genre/form data or focus term |
Domestic fiction. |
| Source of term |
bisacsh |
| 655 #7 - INDEX TERM--GENRE/FORM |
| Genre/form data or focus term |
Domestic fiction |
| Source of term |
fast |
| 655 #7 - INDEX TERM--GENRE/FORM |
| Genre/form data or focus term |
Fiction |
| Source of term |
fast |
| 9 (RLIN) |
5673940 |
| 655 #7 - INDEX TERM--GENRE/FORM |
| Genre/form data or focus term |
Novels |
| Source of term |
fast |
| 655 #7 - INDEX TERM--GENRE/FORM |
| Genre/form data or focus term |
Romance fiction |
| Source of term |
fast |
| 655 #7 - INDEX TERM--GENRE/FORM |
| Genre/form data or focus term |
Love stories. |
| Source of term |
gsafd |
| 655 #7 - INDEX TERM--GENRE/FORM |
| Genre/form data or focus term |
Romance fiction. |
| Source of term |
lcgft |
| 655 #7 - INDEX TERM--GENRE/FORM |
| Genre/form data or focus term |
Domestic fiction. |
| Source of term |
lcgft |
| 655 #7 - INDEX TERM--GENRE/FORM |
| Genre/form data or focus term |
Novels. |
| Source of term |
lcgft |
| 655 #7 - INDEX TERM--GENRE/FORM |
| Genre/form data or focus term |
Romans. |
| Source of term |
rvmgf |
| 9 (RLIN) |
6374904 |
| 655 #7 - INDEX TERM--GENRE/FORM |
| Genre/form data or focus term |
General Fiction. |
| Source of term |
ukslc |
| 9 (RLIN) |
5760477 |
| 942 ## - ADDED ENTRY ELEMENTS (KOHA) |
| Source of classification or shelving scheme |
Dewey Decimal Classification |
| Koha item type |
BOOK |